F1 Season: 1966 Race Winners - Statistics

General Stats
  • This quiz has been taken 82 times
  • The average score is 8 of 9
Answer Stats
Grand Prix Driver % Correct
French Jack Brabham
94%
British Jack Brabham
94%
Dutch Jack Brabham
94%
German Jack Brabham
94%
United States Jim Clark
94%
Monaco Jackie Stewart
87%
Belgian John Surtees
81%
Mexican John Surtees
81%
Italian Ludovico Scarfiotti
43%
No matching quizzes found
Score Distribution
Percent of People with Each Score
Percentile by Number Answered
Your Score History
You have not taken this quiz